00671cam a2200205 a 4500008004100000020002500041100002400066245010500090250001200195260004000207300003400247500002000281504004100301650005200342700001800394700002600412003000100438005001700439040000900456  a9781292152837 (pbk.)1 aCavusgil, S. Tamer.10aInternational business :bthe new realities /cS. Tamer Cavusgil, Gary Knight, John R. Riesenberger. a4th ed. aHarlow:bPearson Education,cc2012. a544 p. :bcol. ill. ;c30 cm. aIncludes index. aIncludes bibliographical references. 0aInternational business enterprisesxManagement.1 aKnight, Gary.1 aRiesenberger, John R.20230123141056.0 cNUST